Las expresiones territoriales de las dinámicas migratorias: Entre la superación y el rezago en Santa Rosa de Lima /
Esta investigación tiene como objetivo documentar cómo las dinámicas migratorias están transformando los usos de suelo y facilitando el acceso a recursos, bienes y servicios por parte de algunos sectores previamente excluidos, pero al mismo tiempo acentuando patrones de exclusión. El estudio toma co...
Furkejuvvon:
| Váldodahkki: | |
|---|---|
| Materiálatiipa: | Texto |
| Fáttát: | |
| Fáddágilkorat: |
Lasit fáddágilkoriid
Eai fáddágilkorat, Lasit vuosttaš fáddágilkora!
|
MARC
| LEADER | 00000 a a2200000 04500 | ||
|---|---|---|---|
| 001 | 43272 | ||
| 003 | |||
| 040 | |||
| 100 | |a Ortiz, Xenia | ||
| 245 | |a Las expresiones territoriales de las dinámicas migratorias: |b Entre la superación y el rezago en Santa Rosa de Lima / |c Xenia Ortiz | ||
| 520 | |a Esta investigación tiene como objetivo documentar cómo las dinámicas migratorias están transformando los usos de suelo y facilitando el acceso a recursos, bienes y servicios por parte de algunos sectores previamente excluidos, pero al mismo tiempo acentuando patrones de exclusión. El estudio toma como referente a Santa Rosa de Lima porque es un territorio con diversas actividades productivas y donde los diversos flujos migratorios cada vez cobran mayor relevancia como mecanismo de ascenso socio- económico. Las dinámicas migratorias que ahí se dan forman parte de la vida cotidiana de la población y no solo están influenciadas por la emigración de sus pobladores hacia Estados Unidos, sino también por la migración interna, la migración transfronteriza que tradicionalmente se ha dado en la zona debido a su cercanía geográfica con Honduras y más recientemente la migración de hondureños y nicaragüenses hacia la localidad en busca de dólares. Hasta el momento hay pocos estudios que documenten cómo las dinámicas migratorias se expresan en los territorios y precisamente de ahí surge la inquietud por desarrollar el tema. | ||
| 590 | |a RRA/JUNIO2012 | ||
| 650 | |a EL SALVADOR | ||
| 650 | |a AMERICA CENTRAL | ||
| 650 | |a REMESAS | ||
| 650 | |a EXCLUSION SOCIAL | ||
| 650 | |a MIGRACION INTRARREGIONAL | ||
| 650 | |a MIGRACION | ||
| 773 | |g páginas 27-63 : tablas, gráficos, mapas | ||
| 999 | |c 39496 |d 39496 | ||
